Um Amor Puro - Djavan - Statistics

Estatísticas Gerais
  • Esse quiz foi jogado 26 vezes
  • A pontuação média é 119 de 138
Estatísticas das Respostas
Resposta % Correto
a
100%
amor
100%
e
100%
é
100%
em
100%
mais
100%
puro
100%
que
100%
quero
100%
te
100%
tudo
100%
um
100%
adoro
92%
amar
92%
de
92%
for
92%
grande
92%
história
92%
limites
92%
me
92%
meu
92%
sabe
92%
se
92%
sem
92%
tem
92%
uma
92%
viver
92%
coração
85%
do
85%
eu
85%
força
85%
ninguém
85%
o
85%
pra
85%
sei
85%
85%
tão
85%
teu
85%
tua
85%
até
77%
bom
77%
dar
77%
guardado
77%
mas
77%
não
77%
nem
77%
nós
77%
tenho
77%
as
69%
dentro
69%
69%
horas
69%
são
69%
tempo
69%
todas
69%
conceder
62%
juro
62%
morrer
62%
ou
62%
ainda
54%
aqui
54%
azul
54%
bonito
54%
céu
54%
diga
54%
estivermos
54%
feio
54%
haverá
54%
juntos
54%
lugar
54%
pode
54%
ser
54%
tuas
54%
noutro
38%
Nenhum quiz correspondente encontrado
Distribuição das Pontuações
Porcentagem de Pessoas com Cada Pontuação
Percentil de Números Respondidos
Sua Pontuação Histórica
Você não jogou esse quiz